000
00343nam a2200157Ia 4500
100
_a
Cheremisinoff N.P.
650
_a
Electrical Engineering
942
_c
BK
654
_a
Heat
245
_a
Heat transfer Handbook
260
_b
Jaico Pub
_a
Bombay
_c
1994
082
_a
621.4022
_b
PAN
300
_a
853
546
_a
ENGLISH
999
_c
26009
_d
26009